| 000 | 00269 a2200073 4500 | ||
|---|---|---|---|
| 245 | 0 |
_aNormy na parametry elektryczne międzynarodowego kanału niskiej częstotliwości /II etap/ / _c. |
|
| 710 | 2 |
_aInstytut Łączności. _eWydawca _4pbl |
|
| 260 |
_aWarszawa : _bIŁ, _c1979. |
||
| 300 |
_a25 s.; _c34 cm. |
||
| 999 |
_c16266 _d16266 |
||